000 00588nam a2200181 a 4500
005 20220923063840.0
008 030819s2002 mx r 000 0 spa d
020 _a9688605557
035 _aUPN01000127977
049 _aCG
050 4 _aBF637 N4.6
_bA7.6
100 1 _aArmendáriz Ramírez, Rubén
_928751
245 1 0 _aPNL transforma tu vida :
_bvive con plenitud tu proceso de crecimiento : las herramientas... /
_cRubén Armendáriz Ramírez.
260 _aMéxico :
_bPax-México,
_c2002.
300 _a206 p.
650 0 _aProgramación neurolingüística
_95397
905 _aLibro
999 _c100156
_d100156